Hacia una caracterización de los patrones y procesos de transformación de las áreas metropolitanas españolas = (Registro nro. 232437)
[ vista simple ]
| 000 -CABECERA | |
|---|---|
| campo de control de longitud fija | 01107naa a22002537i 4500 |
| 001 - NÚMERO DE CONTROL | |
| campo de control | 232437 |
| 003 - IDENTIFICADOR DEL NÚMERO DE CONTROL | |
| campo de control | ES-MaBCM |
| 005 - FECHA Y HORA DE LA ÚLTIMA TRANSACCIÓN | |
| campo de control | 20260226142418.0 |
| 008 - CÓDIGOS DE INFORMACIÓN DE LONGITUD FIJA | |
| campo de control de longitud fija | 260223s2024 sp ||||| ||||o00| 0 spa d |
| 040 ## - FUENTE DE LA CATALOGACIÓN | |
| Centro transcriptor | ES-MaBCM |
| 100 1# - PUNTO DE ACCESO PRINCIPAL - NOMBRE DE PERSONA | |
| Nombre de persona | Aguilera Benavente, Francisco |
| 9 (RLIN) | 120531 |
| 245 00 - MENCIÓN DE TÍTULO | |
| Título | Hacia una caracterización de los patrones y procesos de transformación de las áreas metropolitanas españolas = |
| Resto del título | Towards an urban growth patterns and processes characterization in Spanish metropolitan areas |
| Mención de responsabilidad etc. | Francisco Aguilera-Benavente, Cristian Andrés Vergara-Fernández, José Antonio Cuesta-Grande |
| 500 ## - NOTA GENERAL | |
| Nota general | Contiene tablas |
| 500 ## - NOTA GENERAL | |
| Nota general | Contiene gráficos |
| 504 ## - NOTA DE BIBLIOGRAFÍA, ETC. | |
| Nota de bibliografía etc. | Incluye referencias bibliográficas |
| 504 ## - NOTA DE BIBLIOGRAFÍA, ETC. | |
| Nota de bibliografía etc. | Incluye bibliografía |
| 650 #7 - PUNTO DE ACCESO ADICIONAL DE MATERIA--TÉRMINO DE MATERIA | |
| Término de materia o nombre geográfico como elemento inicial | Metrópoli |
| 9 (RLIN) | 57923 |
| 650 #7 - PUNTO DE ACCESO ADICIONAL DE MATERIA--TÉRMINO DE MATERIA | |
| Término de materia o nombre geográfico como elemento inicial | Sociología urbana |
| 9 (RLIN) | 60317 |
| 651 #4 - PUNTO DE ACCESO ADICIONAL DE MATERIA--NOMBRE GEOGRÁFICO | |
| Nombre geográfico | España |
| 9 (RLIN) | 115342 |
| 700 1# - PUNTO DE ACCESO ADICIONAL--NOMBRE DE PERSONA | |
| Nombre de persona | Vergara Fernandez, Cristian Andres |
| 9 (RLIN) | 131178 |
| 700 1# - PUNTO DE ACCESO ADICIONAL--NOMBRE DE PERSONA | |
| Nombre de persona | Cuesta Grande, José Antonio |
| 9 (RLIN) | 131179 |
| 773 0# - ENLACE AL DOCUMENTO FUENTE | |
| Lugar editor y fecha de publicación | Madrid |
| Parte(s) relacionada(s) | N. 221 (otoño 2024), 20 p. - Loc. En línea |
| Título | Ciudad y territorio : estudios territoriales |
| Número de control del registro relacionado | 105070 |
| 942 ## - ELEMENTOS DE PUNTO DE ACCESO ADICIONAL (KOHA) | |
| Fuente del sistema de clasificación o colocación | Universal Decimal Classification |
| Tipo de ítem Koha | Artículos de revistas |
| Estado de retiro | Estado de pérdida | Fuente del sistema de clasificación o colocación | Estado dañado | No para préstamo | Localización permanente | Ubicación/localización actual | Ubicación en estantería | Fecha de adquisición | Total de préstamos | Fecha visto por última vez | Precio válido a partir de | Tipo de ítem Koha |
|---|---|---|---|---|---|---|---|---|---|---|---|---|
| Universal Decimal Classification | Biblioteca Central del Ministerio de la Presidencia | Biblioteca Central del Ministerio de la Presidencia | Sala | 23/02/2026 | 23/02/2026 | 23/02/2026 | Artículos de revistas |
